000 00516nam a22001817a 4500
999 _c171739
_d171739
005 20200120113724.0
010 _aA-441442
020 _c80.00
035 _aA-441442
037 _bBPPD/Pub.
082 _a841.08
100 _aکندن لال مراں
245 _aتاریخی مشنوياں /
_cکندن لال مراں
246 _aTareekh-e-Mashnuyan (Urdu) /
_bby Kundan Lal Miran
260 _a-
_b-
_c1991 ء
300 _a336p.
_c21cm(Hb)
942 _2ddc
_cUR
_h841.08
_mک ں د